Statistics for Biggest Cities Further North Than New York

Click here to take the quiz!

General Stats

  • This quiz has been taken 56 times
  • The average score is 28 of 58

Answer Stats

°N Population City % Correct
55°45'12,179,000Moscow
92%
43°42'2,732,000Toronto
92%
51°30'8,755,000London
90%
59°57'5,226,000St. Petersburg
88%
48°51'2,220,000Paris
86%
45°30'1,705,000Montreal
84%
52°30'3,520,000Berlin
82%
52°14'1,744,000Warsaw
73%
52°29'1,127,000Birmingham
73%
55°40'1,296,000Copenhagen
71%
44°26'1,883,000Bucharest
69%
47°30'1,759,000Budapest
67%
41°50'2,721,000Chicago
67%
53°54'1,975,000Minsk
67%
41°23'1,609,000Barcelona
67%
50°27'2,907,000Kiev
65%
50°51'1,188,000Brussels
65%
48°08'1,450,000Munich
65%
53°34'1,787,000Hamburg
65%
48°12'1,868,000Vienna
63%
41°54'2,865,000Rome
63%
50°05'1,267,000Prague
63%
41°01'14,026,000Istanbul
61%
50°56'1,061,000Cologne
57%
44°49'1,167,000Belgrade
57%
45°28'1,346,000Milan
55%
47°55'1,145,000Ulan Bator
51%
48°42'1,016,000Volgograd
49%
51°03'1,239,000Calgary
47%
42°70'1,232,000Sofia
45%
56°20'1,267,000Nizhny Novgorod
45%
43°40'1,952,000Sapporo
43%
56°50'1,444,000Yekaterinburg
41%
55°47'1,217,000Kazan
39%
50°00'1,450,000Kharkiv
39%
46°30'1,011,000Odessa
39%
45°45'4,596,000Harbin
37%
43°17'1,703,000Almaty
37%
41°16'2,353,000Tashkent
37%
55°03'1,584,000Novosibirsk
35%
54°59'1,178,000Omsk
35%
58°00'1,042,000Perm
33%
53°12'1,171,000Samara
31%
41°43'1,062,000Tbilisi
29%
47°14'1,120,000Rostov-on-Don
29%
54°44'1,111,000Ufa
27%
43°49'2,853,000Ürümqi
24%
55°09'1,192,000Chelyabinsk
24%
41°80'5,718,000Shenyang
20%
56°01'1,067,000Krasnoyarsk
18%
43°54'3,411,000Changchun
12%
51°40'1,032,000Voronezh
12%
43°42'1,470,000Jilin
8%
47°21'1,315,000Qiqihar
8%
46°35'1,434,000Daqing
6%
41°18'1,000,000Benxi
6%
41°07'1,505,000Anshan
6%
41°52'1,319,000Fushun
4%

Score Distribution

Percentile by Number Answered

Percent of People with Each Score

Your Score History

You have not taken this quiz